[Event "1SM"]
[Site "Sharjah Chess Club"]
[Date "2017.03.25"]
[Round "3.33"]
[White "Gukesh, D"]
[Black "Narayanan, Srinath"]
[Result "0-1"]
[BlackElo "2472"]
[WhiteElo "2260"]
[LiveChessVersion "1.4.8"]

1. e4 {[%clk 1:40:55]} e5 {[%clk 1:40:46]} 2. Nf3 {[%clk 1:41:16]} Nc6
{[%clk 1:41:12]} 3. d4 {[%clk 1:41:38]} exd4 {[%clk 1:41:37]} 4. Nxd4
{[%clk 1:42:02]} Nf6 {[%clk 1:39:36]} 5. Nxc6 {[%clk 1:42:24]} bxc6
{[%clk 1:40:02]} 6. Bd3 {[%clk 1:38:21]} d5 {[%clk 1:40:07]} 7. e5
{[%clk 1:38:40]} Ng4 {[%clk 1:20:31]} 8. O-O {[%clk 1:38:57]} Bc5
{[%clk 1:16:50]} 9. Qe2 {[%clk 1:38:51]} Qe7 {[%clk 1:11:52]} 10. Bf4
{[%clk 1:36:56]} g5 {[%clk 1:00:44]} 11. Bd2 {[%clk 1:37:14]} Nxe5
{[%clk 0:59:05]} 12. Re1 {[%clk 1:36:59]} Nxd3 {[%clk 0:54:42]} 13. Qxd3
{[%clk 1:37:23]} Be6 {[%clk 0:55:08]} 14. b4 {[%clk 1:36:16]} Bb6
{[%clk 0:50:40]} 15. Nc3 {[%clk 1:21:49]} Qf6 {[%clk 0:47:16]} 16. Qg3
{[%clk 1:18:12]} h5 {[%clk 0:37:27]} 17. Bxg5 {[%clk 1:09:59]} Qf5
{[%clk 0:35:20]} 18. Bh4 {[%clk 0:46:37]} Kd7 {[%clk 0:31:14]} 19. Na4
{[%clk 0:31:58]} Rhg8 {[%clk 0:25:58]} 20. Nxb6+ {[%clk 0:23:54]} axb6
{[%clk 0:26:20]} 21. Qe5 {[%clk 0:24:02]} Qxe5 {[%clk 0:24:49]} 22. Rxe5
{[%clk 0:24:28]} Rg4 {[%clk 0:25:14]} 23. Rxh5 {[%clk 0:22:54]} Rxb4
{[%clk 0:25:38]} 24. f3 {[%clk 0:22:03]} Rc4 {[%clk 0:25:30]} 25. Rc1
{[%clk 0:20:38]} d4 {[%clk 0:22:24]} 26. Bf6 {[%clk 0:19:18]} c5 {[%clk 0:22:23]}
27. h4 {[%clk 0:18:09]} Rxa2 {[%clk 0:21:38]} 28. Rh8 {[%clk 0:18:34]} Bf5
{[%clk 0:16:30]} 29. h5 {[%clk 0:17:19]} Rcxc2 {[%clk 0:12:31]} 30. Rxc2
{[%clk 0:17:42]} Bxc2 {[%clk 0:12:59]} 31. g4 {[%clk 0:17:33]} b5
{[%clk 0:12:55]} 32. Rb8 {[%clk 0:17:02]} b4 {[%clk 0:12:39]} 33. f4
{[%clk 0:16:44]} Be4 {[%clk 0:10:14]} 34. h6 {[%clk 0:15:39]} Rg2+
{[%clk 0:09:56]} 35. Kf1 {[%clk 0:16:08]} Rxg4 {[%clk 0:10:20]} 36. Rd8+
{[%clk 0:16:33]} Kc6 {[%clk 0:09:06]} 37. Be5 {[%clk 0:16:39]} f6
{[%clk 0:09:10]} 38. Bxd4 {[%clk 0:16:55]} cxd4 {[%clk 0:09:04]} 39. Rxd4
{[%clk 0:17:22]} Rxf4+ {[%clk 0:09:05]} 40. Ke1 {[%clk 0:17:51]} Rh4
{[%clk 0:09:24]} 41. h7 {[%clk 0:18:17]} Rh1+ {[%clk 0:09:44]} 42. Kd2
{[%clk 0:18:38]} Bxh7 {[%clk 0:10:04]} 43. Rxb4 {[%clk 0:19:02]} Kd5
{[%clk 0:10:16]} 44. Rb5+ {[%clk 0:19:25]} c5 {[%clk 0:10:41]} 45. Rb6
{[%clk 0:19:51]} Rf1 {[%clk 0:10:49]} 46. Ke2 {[%clk 0:20:16]} Rf4
{[%clk 0:11:15]} 47. Ke3 {[%clk 0:20:39]} Re4+ {[%clk 0:11:41]} 48. Kd2
{[%clk 0:21:05]} Re6 {[%clk 0:12:07]} 49. Rb8 {[%clk 0:21:31]} Be4
{[%clk 0:12:23]} 50. Kc3 {[%clk 0:21:57]} f5 {[%clk 0:12:26]} 51. Rf8
{[%clk 0:22:20]} Rd6 {[%clk 0:12:18]} 52. Rf7 {[%clk 0:22:44]} Rd8
{[%clk 0:12:44]} 53. Rf6 {[%clk 0:23:10]} Ke5 {[%clk 0:13:11]} 54. Rh6
{[%clk 0:23:36]} Bd5 {[%clk 0:13:31]} 55. Rh2 {[%clk 0:24:00]} Rb8
{[%clk 0:13:49]} 56. Re2+ {[%clk 0:24:26]} Kd6 {[%clk 0:14:15]} 57. Rh2
{[%clk 0:24:52]} Rb3+ {[%clk 0:14:41]} 58. Kc2 {[%clk 0:25:18]} c4
{[%clk 0:15:02]} 59. Rh6+ {[%clk 0:25:44]} Ke5 {[%clk 0:15:28]} 60. Rh2
{[%clk 0:26:07]} Be4+ {[%clk 0:15:53]} 0-1

[Event "1SM"]
[Site "Sharjah Chess Club"]
[Date "2017.03.25"]
[Round "3.34"]
[White "Mamedjarova, Zeinab"]
[Black "Bok, Benjamin"]
[Result "0-1"]
[BlackElo "2596"]
[WhiteElo "2322"]
[LiveChessVersion "1.4.8"]

1. d4 {[%clk 1:40:56]} Nf6 {[%clk 1:40:51]} 2. Nf3 {[%clk 1:41:22]} d5
{[%clk 1:40:55]} 3. e3 {[%clk 1:41:12]} c5 {[%clk 1:41:10]} 4. Be2
{[%clk 1:39:56]} e6 {[%clk 1:40:36]} 5. O-O {[%clk 1:40:06]} b6 {[%clk 1:38:57]}
6. b3 {[%clk 1:37:56]} Bd6 {[%clk 1:37:30]} 7. Bb2 {[%clk 1:38:08]} O-O
{[%clk 1:37:23]} 8. dxc5 {[%clk 1:31:24]} bxc5 {[%clk 1:37:01]} 9. c4
{[%clk 1:31:06]} Bb7 {[%clk 1:36:16]} 10. cxd5 {[%clk 1:18:11]} exd5
{[%clk 1:36:30]} 11. Nc3 {[%clk 1:17:54]} Nbd7 {[%clk 1:35:48]} 12. Rc1
{[%clk 1:15:36]} Rc8 {[%clk 1:26:17]} 13. Qd3 {[%clk 1:11:20]} Qe7
{[%clk 1:24:34]} 14. Rfd1 {[%clk 1:05:40]} Rfe8 {[%clk 1:12:41]} 15. Qf5
{[%clk 1:03:46]} Bb8 {[%clk 1:02:16]} 16. Bb5 {[%clk 0:56:29]} Red8
{[%clk 0:43:09]} 17. Ne2 {[%clk 0:47:20]} a6 {[%clk 0:29:47]} 18. Bd3
{[%clk 0:44:13]} Rc6 {[%clk 0:27:38]} 19. Ng3 {[%clk 0:36:42]} Bxg3
{[%clk 0:18:40]} 20. hxg3 {[%clk 0:37:07]} Nf8 {[%clk 0:18:46]} 21. Qg5
{[%clk 0:27:24]} Ng6 {[%clk 0:11:26]} 22. Nh4 {[%clk 0:22:19]} Nxh4
{[%clk 0:07:49]} 23. Qxh4 {[%clk 0:22:44]} h6 {[%clk 0:08:05]} 24. Qf4
{[%clk 0:16:08]} Bc8 {[%clk 0:06:46]} 25. Be2 {[%clk 0:15:20]} Ne4
{[%clk 0:04:05]} 26. Bf3 {[%clk 0:14:37]} Re6 {[%clk 0:04:01]} 27. Bg4
{[%clk 0:10:33]} Rc6 {[%clk 0:03:26]} 28. Bxc8 {[%clk 0:05:59]} Rcxc8
{[%clk 0:03:42]} 29. Qg4 {[%clk 0:05:59]} Qg5 {[%clk 0:03:06]} 30. Qe2
{[%clk 0:05:50]} Rc6 {[%clk 0:01:47]} 31. g4 {[%clk 0:05:24]} Re6
{[%clk 0:00:35]} 32. Rd3 {[%clk 0:04:51]} Rde8 {[%clk 0:00:38]} 33. Qf3
{[%clk 0:04:37]} d4 {[%clk 0:00:39]} 34. Qf5 {[%clk 0:03:21]} Qh4
{[%clk 0:00:45]} 35. Rc2 {[%clk 0:02:00]} Rf6 {[%clk 0:00:36]} 36. Qh5
{[%clk 0:02:08]} Qxh5 {[%clk 0:00:34]} 37. gxh5 {[%clk 0:02:36]} dxe3
{[%clk 0:00:32]} 38. Rxe3 {[%clk 0:01:29]} Rfe6 {[%clk 0:00:45]} 39. Rc4
{[%clk 0:00:34]} Ng5 {[%clk 0:00:33]} 40. Bc1 {[%clk 0:00:34]} Rd8
{[%clk 0:00:37]} 41. Rxe6 {[%clk 0:00:32]} Rd1+ {[%clk 0:00:39]} 42. Kh2
{[%clk 0:00:58]} Nxe6 {[%clk 0:01:07]} 43. Be3 {[%clk 0:01:17]} Rd5
{[%clk 0:01:10]} 44. g4 {[%clk 0:00:40]} f5 {[%clk 0:01:00]} 45. Kg3
{[%clk 0:00:51]} fxg4 {[%clk 0:00:40]} 46. Kxg4 {[%clk 0:01:16]} Kf7
{[%clk 0:00:40]} 47. Ra4 {[%clk 0:00:38]} Rd6 {[%clk 0:00:37]} 48. Ra5
{[%clk 0:00:53]} Rc6 {[%clk 0:00:36]} 49. Kf5 {[%clk 0:00:37]} Ke7
{[%clk 0:00:33]} 50. Ke5 {[%clk 0:01:05]} Kd7 {[%clk 0:00:34]} 51. f4
{[%clk 0:01:30]} Kc7 {[%clk 0:00:33]} 52. f5 {[%clk 0:01:49]} Nf8
{[%clk 0:00:59]} 53. Bf4 {[%clk 0:01:04]} Kb6 {[%clk 0:00:39]} 54. Kd5
{[%clk 0:01:00]} Rf6 {[%clk 0:00:55]} 55. b4 {[%clk 0:00:32]} cxb4
{[%clk 0:00:38]} 56. Rc5 {[%clk 0:00:32]} Rxf5+ {[%clk 0:00:53]} 0-1

[Event "1SM"]
[Site "Sharjah Chess Club"]
[Date "2017.03.26"]
[Round "4.1"]
[White "Wang, Hao"]
[Black "Sadhwani, Raunak"]
[Result "1-0"]
[BlackElo "2218"]
[WhiteElo "2683"]
[LiveChessVersion "1.4.8"]

1. c4 Nf6 2. Nc3 g6 3. d4 {[%clk 1:40:30]} Bg7 {[%clk 1:40:30]} 4. e4
{[%clk 1:40:30]} d6 {[%clk 1:41:42]} 5. f3 {[%clk 1:39:04]} O-O {[%clk 1:41:46]}
6. Be3 {[%clk 1:39:31]} c5 {[%clk 1:42:12]} 7. dxc5 {[%clk 1:37:30]} dxc5
{[%clk 1:42:34]} 8. Qxd8 {[%clk 1:37:56]} Rxd8 {[%clk 1:42:58]} 9. Bxc5
{[%clk 1:38:21]} Nc6 {[%clk 1:43:01]} 10. Be3 {[%clk 1:37:01]} b6
{[%clk 1:34:15]} 11. Rc1 {[%clk 1:32:12]} Ba6 {[%clk 1:33:29]} 12. Nh3
{[%clk 1:29:27]} Rac8 {[%clk 1:32:57]} 13. Nf2 {[%clk 1:24:00]} e6
{[%clk 1:29:33]} 14. Be2 {[%clk 1:13:45]} Nb4 {[%clk 1:20:23]} 15. b3
{[%clk 0:44:18]} Nd7 {[%clk 1:19:57]} 16. O-O {[%clk 0:43:19]} Bxc3
{[%clk 1:18:04]} 17. Rxc3 {[%clk 0:43:27]} Nxa2 {[%clk 1:18:20]} 18. Rc2
{[%clk 0:43:48]} Nb4 {[%clk 1:18:38]} 19. Rd2 {[%clk 0:40:30]} Nc5
{[%clk 1:09:06]} 20. Rfd1 {[%clk 4:14:16]} Re8 {[%clk 1:08:09]} 21. Ng4
{[%clk 0:40:09]} Kg7 {[%clk 1:05:20]} 22. Bh6+ {[%clk 0:39:34]} Kh8
{[%clk 1:05:31]} 23. Nf6 {[%clk 0:40:00]} Nc6 {[%clk 1:05:30]} 24. Nxe8
{[%clk 0:40:07]} Rxe8 {[%clk 1:05:56]} 25. b4 {[%clk 0:40:30]} Nb3
{[%clk 1:05:28]} 26. Rd6 {[%clk 0:40:39]} Ncd4 {[%clk 1:05:38]} 27. R6xd4
{[%clk 0:41:02]} Nxd4 {[%clk 1:06:03]} 28. Rxd4 {[%clk 0:41:29]} 1-0

[Event "1SM"]
[Site "Sharjah Chess Club"]
[Date "2017.03.26"]
[Round "4.2"]
[White "Safranska, Anda"]
[Black "Adhiban, B."]
[Result "0-1"]
[BlackElo "2682"]
[WhiteElo "2217"]
[LiveChessVersion "1.4.8"]

1. Nf3 {[%clk 1:40:58]} Nf6 {[%clk 1:40:53]} 2. g3 {[%clk 1:41:22]} g6
{[%clk 1:41:18]} 3. b3 {[%clk 1:41:38]} Bg7 {[%clk 1:41:39]} 4. Bb2
{[%clk 1:42:00]} O-O {[%clk 1:42:02]} 5. Bg2 {[%clk 1:42:23]} d6 {[%clk 1:42:20]}
6. d4 {[%clk 1:42:37]} Nbd7 {[%clk 1:42:38]} 7. c4 {[%clk 1:42:43]} e5
{[%clk 1:36:23]} 8. dxe5 {[%clk 1:42:53]} dxe5 {[%clk 1:33:15]} 9. Nc3
{[%clk 1:37:54]} Re8 {[%clk 1:17:09]} 10. O-O {[%clk 1:17:40]} e4
{[%clk 1:13:01]} 11. Ne1 {[%clk 1:16:12]} c6 {[%clk 0:49:34]} 12. Nc2
{[%clk 1:15:56]} Ng4 {[%clk 0:35:57]} 13. h3 {[%clk 1:10:56]} Nh6
{[%clk 0:34:51]} 14. Rb1 {[%clk 1:00:44]} f5 {[%clk 0:35:05]} 15. Qd2
{[%clk 0:55:53]} Nf7 {[%clk 0:31:42]} 16. f4 {[%clk 0:50:54]} exf3
{[%clk 0:29:35]} 17. exf3 {[%clk 0:51:02]} Nde5 {[%clk 0:29:23]} 18. Rfd1
{[%clk 0:49:41]} Qxd2 {[%clk 0:26:44]} 19. Rxd2 {[%clk 0:50:04]} g5
{[%clk 0:27:08]} 20. Ne2 {[%clk 0:39:21]} f4 {[%clk 0:26:19]} 21. g4
{[%clk 0:39:14]} a5 {[%clk 0:24:04]} 22. Nc3 {[%clk 0:39:24]} a4 {[%clk 0:24:10]}
23. Ne4 {[%clk 0:37:25]} h6 {[%clk 0:23:11]} 24. Ne1 {[%clk 0:35:51]} Be6
{[%clk 0:20:43]} 25. Bc3 {[%clk 0:33:28]} Red8 {[%clk 0:13:37]} 26. Rxd8+
{[%clk 0:28:38]} Nxd8 {[%clk 0:14:07]} 27. Rd1 {[%clk 0:25:49]} Bf7
{[%clk 0:13:57]} 28. Nd3 {[%clk 0:20:56]} Nxd3 {[%clk 0:14:08]} 29. Rxd3
{[%clk 0:21:20]} axb3 {[%clk 0:14:19]} 30. axb3 {[%clk 0:21:00]} Bxc3
{[%clk 0:13:54]} 31. Nxc3 {[%clk 0:19:46]} Kf8 {[%clk 0:09:40]} 32. Bf1
{[%clk 0:18:30]} Ke7 {[%clk 0:10:02]} 33. Rd2 {[%clk 0:12:00]} Ra3
{[%clk 0:09:21]} 34. Rb2 {[%clk 0:11:52]} Ne6 {[%clk 0:09:45]} 35. Nb1
{[%clk 0:12:05]} Ra1 {[%clk 0:10:10]} 36. Bd3 {[%clk 0:11:34]} Nd4
{[%clk 0:07:56]} 37. Kf2 {[%clk 0:11:42]} Kd6 {[%clk 0:08:20]} 38. b4
{[%clk 0:10:44]} Ke5 {[%clk 0:08:13]} 39. b5 {[%clk 0:07:12]} cxb5
{[%clk 0:07:59]} 40. cxb5 {[%clk 0:07:32]} Bd5 {[%clk 0:08:26]} 41. Nd2
{[%clk 0:07:18]} Ra3 {[%clk 0:08:45]} 42. Be4 {[%clk 0:07:34]} b6
{[%clk 0:06:32]} 43. Kg2 {[%clk 0:06:51]} Re3 {[%clk 0:03:40]} 0-1

[Event "1SM"]
[Site "Sharjah Chess Club"]
[Date "2017.03.26"]
[Round "4.3"]
[White "Aditya, Mittal"]
[Black "Jones, Gawain C B"]
[Result "0-1"]
[BlackElo "2676"]
[WhiteElo "2183"]
[LiveChessVersion "1.4.8"]

1. d4 {[%clk 1:40:43]} Nf6 {[%clk 1:40:53]} 2. c4 {[%clk 1:41:08]} e6
{[%clk 1:41:16]} 3. Nc3 {[%clk 1:41:32]} Bb4 {[%clk 1:41:41]} 4. f3
{[%clk 1:41:46]} c5 {[%clk 1:41:53]} 5. d5 {[%clk 1:41:56]} O-O {[%clk 1:40:55]}
6. e4 {[%clk 1:39:54]} b5 {[%clk 1:40:47]} 7. e5 {[%clk 1:29:50]} Ne8
{[%clk 1:40:55]} 8. f4 {[%clk 1:30:07]} d6 {[%clk 1:40:45]} 9. Nf3
{[%clk 1:27:32]} exd5 {[%clk 1:40:49]} 10. cxd5 {[%clk 1:21:29]} Nc7
{[%clk 1:41:05]} 11. Bd3 {[%clk 1:06:58]} c4 {[%clk 1:40:58]} 12. Bc2
{[%clk 1:01:13]} dxe5 {[%clk 1:40:34]} 13. d6 {[%clk 0:58:45]} Bxd6
{[%clk 1:40:49]} 14. fxe5 {[%clk 0:54:44]} Be7 {[%clk 1:38:29]} 15. Be4
{[%clk 0:45:37]} Qxd1+ {[%clk 1:33:31]} 16. Nxd1 {[%clk 0:44:43]} Nba6
{[%clk 1:30:40]} 17. Bxa8 {[%clk 0:44:47]} Nxa8 {[%clk 1:31:02]} 18. O-O
{[%clk 0:36:09]} Nb4 {[%clk 1:27:25]} 19. Bg5 {[%clk 0:30:13]} Bxg5
{[%clk 1:24:10]} 20. Nxg5 {[%clk 0:30:41]} Nd3 {[%clk 1:24:02]} 21. Nc3
{[%clk 0:24:30]} h6 {[%clk 1:21:46]} 22. Nf3 {[%clk 0:23:16]} b4 {[%clk 1:21:33]}
23. Nd5 {[%clk 0:21:18]} Be6 {[%clk 1:19:01]} 24. Ne7+ {[%clk 0:20:50]} Kh7
{[%clk 1:19:19]} 25. Nd4 {[%clk 0:20:27]} Re8 {[%clk 1:17:29]} 26. Nef5
{[%clk 0:14:03]} Bd5 {[%clk 1:14:24]} 27. b3 {[%clk 0:12:08]} Nb6
{[%clk 1:12:28]} 28. bxc4 {[%clk 0:11:14]} Nxc4 {[%clk 1:12:21]} 29. Rad1
{[%clk 0:10:30]} Ncxe5 {[%clk 1:05:07]} 30. Rd2 {[%clk 0:08:37]} Rd8
{[%clk 1:02:22]} 31. Nc2 {[%clk 0:08:04]} a5 {[%clk 1:01:52]} 32. Ne1
{[%clk 0:07:42]} Be6 {[%clk 1:00:09]} 33. Ng3 {[%clk 0:07:14]} a4
{[%clk 0:55:55]} 34. Ne4 {[%clk 0:07:03]} Rd5 {[%clk 0:53:52]} 35. Nxd3
{[%clk 0:04:53]} Nxd3 {[%clk 0:50:15]} 36. Rfd1 {[%clk 0:04:43]} Re5
{[%clk 0:45:27]} 37. Rxd3 {[%clk 0:04:00]} Rxe4 {[%clk 0:45:51]} 38. R3d2
{[%clk 0:03:26]} b3 {[%clk 0:40:38]} 39. axb3 {[%clk 0:03:45]} axb3
{[%clk 0:41:04]} 40. Rb2 {[%clk 0:03:53]} g5 {[%clk 0:40:55]} 41. Rd3
{[%clk 0:03:54]} Rb4 {[%clk 0:41:15]} 42. Kf2 {[%clk 0:04:15]} Kg6
{[%clk 0:40:55]} 43. Re3 {[%clk 0:04:17]} h5 {[%clk 0:40:56]} 44. g3
{[%clk 0:04:22]} h4 {[%clk 0:39:29]} 45. Rd3 {[%clk 0:03:02]} Kh5
{[%clk 0:37:33]} 46. Re3 {[%clk 0:03:16]} Kg4 {[%clk 0:36:38]} 47. Rc3
{[%clk 0:03:04]} Ra4 {[%clk 0:35:10]} 48. Rcxb3 {[%clk 0:02:09]} Bxb3
{[%clk 0:35:16]} 49. Rxb3 {[%clk 0:02:38]} f5 {[%clk 0:25:16]} 50. Rc3
{[%clk 0:02:00]} Ra2+ {[%clk 0:23:27]} 51. Kg1 {[%clk 0:02:28]} Ra1+
{[%clk 0:23:49]} 52. Kf2 {[%clk 0:02:45]} Ra2+ {[%clk 0:15:25]} 53. Kg1
{[%clk 0:03:13]} Kh3 {[%clk 0:15:45]} 54. gxh4+ {[%clk 0:03:15]} Kxh4
{[%clk 0:16:12]} 55. Rb3 {[%clk 0:02:57]} Re2 {[%clk 0:16:02]} 56. Ra3
{[%clk 0:03:12]} Kg4 {[%clk 0:16:14]} 57. Rg3+ {[%clk 0:03:33]} Kh4
{[%clk 0:15:14]} 58. Ra3 {[%clk 0:03:47]} f4 {[%clk 0:15:40]} 59. Rb3
{[%clk 0:04:10]} Kg4 {[%clk 0:16:01]} 60. Rb4 {[%clk 0:02:13]} Kf3
{[%clk 0:14:33]} 61. Rb3+ {[%clk 0:02:36]} Re3 {[%clk 0:14:46]} 62. Rb1
{[%clk 0:03:01]} Rd3 {[%clk 0:14:04]} 63. Re1 {[%clk 0:02:40]} Rd2
{[%clk 0:13:42]} 64. Rf1+ {[%clk 0:02:51]} Ke3 {[%clk 0:14:06]} 65. Re1+
{[%clk 0:03:12]} Kf3 {[%clk 0:13:40]} 66. Rf1+ {[%clk 0:03:37]} Kg4
{[%clk 0:12:07]} 67. Ra1 {[%clk 0:03:32]} Rd3 {[%clk 0:12:21]} 68. Rb1
{[%clk 0:02:32]} Kh3 {[%clk 0:12:36]} 69. Rb5 {[%clk 0:01:54]} Rd1+
{[%clk 0:12:55]} 70. Kf2 {[%clk 0:02:23]} Rd2+ {[%clk 0:13:17]} 71. Kf1
{[%clk 0:00:59]} Rg2 {[%clk 0:13:35]} 72. Rf5 {[%clk 0:00:49]} Kxh2
{[%clk 0:13:56]} 73. Ra5 {[%clk 0:00:50]} Kh3 {[%clk 0:14:09]} 74. Ra3+
{[%clk 0:00:49]} Rg3 {[%clk 0:14:33]} 75. Ra4 {[%clk 0:01:09]} Rf3+
{[%clk 0:14:51]} 76. Kg1 {[%clk 0:01:32]} Kg3 {[%clk 0:15:09]} 77. Ra2
{[%clk 0:01:30]} g4 {[%clk 0:15:25]} 78. Rg2+ {[%clk 0:01:52]} Kh4
{[%clk 0:15:50]} 79. Rh2+ {[%clk 0:02:08]} Rh3 {[%clk 0:16:13]} 80. Rf2
{[%clk 0:02:32]} Kg5 {[%clk 0:16:30]} 81. Ra2 {[%clk 0:02:59]} Rb3
{[%clk 0:16:42]} 82. Ra5+ {[%clk 0:03:18]} Kh4 {[%clk 0:17:07]} 83. Ra2
{[%clk 0:03:44]} g3 {[%clk 0:17:19]} 84. Ra4 {[%clk 0:04:04]} Kh3
{[%clk 0:17:38]} 85. Rxf4 {[%clk 0:04:30]} Rb1+ {[%clk 0:18:03]} 86. Rf1
{[%clk 0:04:55]} Rxf1+ {[%clk 0:18:28]} 87. Kxf1 {[%clk 0:05:24]} Kh2
{[%clk 0:18:52]} 0-1

[Event "1SM"]
[Site "Sharjah Chess Club"]
[Date "2017.03.26"]
[Round "4.4"]
[White "Mendonca, Leon Luke"]
[Black "Fressinet, Laurent"]
[Result "0-1"]
[BlackElo "2662"]
[WhiteElo "2110"]
[LiveChessVersion "1.4.8"]

1. Nf3 {[%clk 1:40:56]} d5 {[%clk 1:40:40]} 2. c4 {[%clk 1:40:29]} d4
{[%clk 1:40:30]} 3. g3 {[%clk 1:40:26]} Nc6 {[%clk 1:39:42]} 4. d3
{[%clk 1:40:20]} e5 {[%clk 1:40:02]} 5. Bg2 {[%clk 1:40:38]} Nf6 {[%clk 1:38:47]}
6. O-O {[%clk 1:37:52]} Bd6 {[%clk 1:38:53]} 7. e3 {[%clk 1:21:39]} O-O
{[%clk 1:38:08]} 8. exd4 {[%clk 1:20:37]} exd4 {[%clk 1:37:41]} 9. Bg5
{[%clk 1:17:31]} h6 {[%clk 1:36:30]} 10. Bxf6 {[%clk 1:17:20]} Qxf6
{[%clk 1:36:53]} 11. Nfd2 {[%clk 1:12:12]} Qg6 {[%clk 1:32:37]} 12. Ne4
{[%clk 1:08:28]} Bg4 {[%clk 1:24:19]} 13. Qb3 {[%clk 1:04:19]} Rab8
{[%clk 1:23:38]} 14. Nbd2 {[%clk 1:00:34]} Bb4 {[%clk 1:16:04]} 15. a3
{[%clk 0:55:40]} Bxd2 {[%clk 1:14:47]} 16. Nxd2 {[%clk 0:55:56]} Be2
{[%clk 1:10:00]} 17. Be4 {[%clk 0:55:57]} Qg5 {[%clk 1:10:19]} 18. f4
{[%clk 0:55:38]} Qa5 {[%clk 1:10:19]} 19. Qc2 {[%clk 0:48:45]} Bxf1
{[%clk 1:09:29]} 20. Rxf1 {[%clk 0:49:08]} f5 {[%clk 1:03:12]} 21. Bd5+
{[%clk 0:48:55]} Kh7 {[%clk 1:03:34]} 22. Nb3 {[%clk 0:47:25]} Qa4
{[%clk 1:02:01]} 23. Nxd4 {[%clk 0:45:18]} Qxc2 {[%clk 1:00:51]} 24. Nxc2
{[%clk 0:43:14]} Rfe8 {[%clk 1:00:37]} 25. Kf2 {[%clk 0:41:15]} Rbd8
{[%clk 0:59:03]} 26. Rd1 {[%clk 0:39:19]} a5 {[%clk 0:52:46]} 27. b3
{[%clk 0:33:00]} g5 {[%clk 0:47:02]} 28. fxg5 {[%clk 0:26:14]} hxg5
{[%clk 0:39:35]} 29. d4 {[%clk 0:24:08]} Kg6 {[%clk 0:39:34]} 30. Bf3
{[%clk 0:22:33]} Rh8 {[%clk 0:38:12]} 31. Kg1 {[%clk 0:21:14]} Rd7
{[%clk 0:36:18]} 32. Rd2 {[%clk 0:14:35]} Ne5 {[%clk 0:35:07]} 33. Be2
{[%clk 0:12:26]} c5 {[%clk 0:34:22]} 34. d5 {[%clk 0:09:15]} f4 {[%clk 0:33:00]}
35. gxf4 {[%clk 0:09:04]} gxf4 {[%clk 0:31:53]} 36. Ne1 {[%clk 0:09:06]} Kf6
{[%clk 0:30:44]} 37. Nf3 {[%clk 0:08:02]} Rg7+ {[%clk 0:30:12]} 38. Kh1
{[%clk 0:05:29]} Rhg8 {[%clk 0:24:11]} 39. Rd1 {[%clk 0:01:23]} Ng4
{[%clk 0:24:02]} 40. Rf1 {[%clk 0:01:43]} Ne3 {[%clk 0:24:14]} 41. Rf2
{[%clk 0:01:10]} Rg2 {[%clk 0:23:46]} 42. Rxg2 {[%clk 0:01:19]} Rxg2
{[%clk 0:24:10]} 43. Ng1 {[%clk 0:01:35]} Rf2 {[%clk 0:20:38]} 44. Bf3
{[%clk 0:00:52]} Nf5 {[%clk 0:20:21]} 45. a4 {[%clk 0:00:40]} Nd4
{[%clk 0:19:56]} 46. Bg4 {[%clk 0:00:43]} f3 {[%clk 0:19:40]} 47. h4
{[%clk 0:00:33]} Rf1 {[%clk 0:19:47]} 48. Kh2 {[%clk 0:00:34]} f2
{[%clk 0:20:02]} 49. Nh3 {[%clk 0:00:55]} Rh1+ {[%clk 0:20:12]} 0-1

[Event "1SM"]
[Site "Sharjah Chess Club"]
[Date "2017.03.26"]
[Round "4.5"]
[White "Oleksiyenko, Mykhaylo"]
[Black "Srija, Seshadri"]
[Result "1/2-1/2"]
[BlackElo "2166"]
[WhiteElo "2643"]
[LiveChessVersion "1.4.8"]

1. e4 {[%clk 1:40:57]} e5 {[%clk 1:40:51]} 2. Nf3 {[%clk 1:41:23]} Nc6
{[%clk 1:41:15]} 3. Bb5 {[%clk 1:41:28]} a6 {[%clk 1:41:36]} 4. Ba4
{[%clk 1:41:08]} Nf6 {[%clk 1:41:56]} 5. O-O {[%clk 1:41:33]} b5 {[%clk 1:42:21]}
6. Bb3 {[%clk 1:42:01]} Bc5 {[%clk 1:42:44]} 7. c3 {[%clk 1:41:56]} d6
{[%clk 1:43:04]} 8. a4 {[%clk 1:41:59]} Rb8 {[%clk 1:43:00]} 9. d4
{[%clk 1:42:19]} Bb6 {[%clk 1:43:22]} 10. a5 {[%clk 1:41:17]} Ba7
{[%clk 1:43:42]} 11. h3 {[%clk 1:41:43]} Bb7 {[%clk 1:43:46]} 12. Re1
{[%clk 1:41:17]} h6 {[%clk 1:43:05]} 13. Be3 {[%clk 1:40:55]} Ra8
{[%clk 1:43:04]} 14. dxe5 {[%clk 1:34:57]} Nxe5 {[%clk 1:40:06]} 15. Nxe5
{[%clk 1:33:19]} dxe5 {[%clk 1:40:26]} 16. Qxd8+ {[%clk 1:33:38]} Kxd8
{[%clk 1:40:49]} 17. Bxa7 {[%clk 1:34:02]} Rxa7 {[%clk 1:41:15]} 18. Bxf7
{[%clk 1:34:21]} Ke7 {[%clk 1:32:36]} 19. Bb3 {[%clk 1:34:39]} Rd8
{[%clk 1:32:45]} 20. f3 {[%clk 1:33:27]} Raa8 {[%clk 1:28:59]} 21. Rd1
{[%clk 1:18:00]} Rxd1+ {[%clk 1:25:59]} 22. Bxd1 {[%clk 1:18:28]} Rd8
{[%clk 1:26:14]} 23. Be2 {[%clk 1:18:15]} Nh5 {[%clk 1:25:26]} 24. b4
{[%clk 1:15:05]} Nf4 {[%clk 1:23:23]} 25. Kf2 {[%clk 1:15:26]} c5
{[%clk 1:10:46]} 26. bxc5 {[%clk 1:12:16]} Rc8 {[%clk 1:09:19]} 27. Ra3
{[%clk 1:03:02]} Rxc5 {[%clk 1:09:22]} 28. Nd2 {[%clk 1:03:19]} Bc8
{[%clk 1:04:00]} 29. Bf1 {[%clk 0:58:13]} Be6 {[%clk 1:02:51]} 30. g3
{[%clk 0:57:29]} Nh5 {[%clk 0:59:03]} 31. h4 {[%clk 0:53:52]} g5 {[%clk 0:54:59]}
32. hxg5 {[%clk 0:53:30]} hxg5 {[%clk 0:55:22]} 33. Bd3 {[%clk 0:53:55]} Rc8
{[%clk 0:51:55]} 34. Nf1 {[%clk 0:52:14]} Rd8 {[%clk 0:46:11]} 35. Be2
{[%clk 0:51:00]} g4 {[%clk 0:44:44]} 36. Ne3 {[%clk 0:44:50]} Rd2
{[%clk 0:40:21]} 37. fxg4 {[%clk 0:28:14]} Nxg3 {[%clk 0:39:04]} 38. Kxg3
{[%clk 0:28:34]} Rxe2 {[%clk 0:39:27]} 39. Kf3 {[%clk 0:28:53]} Re1
{[%clk 0:39:03]} 40. Nc2 {[%clk 0:25:18]} Rf1+ {[%clk 0:35:19]} 41. Ke2
{[%clk 0:23:29]} Rf4 {[%clk 0:25:45]} 42. Nb4 {[%clk 0:23:12]} Bxg4+
{[%clk 0:25:50]} 43. Ke3 {[%clk 0:17:34]} Rf3+ {[%clk 0:25:56]} 44. Kd2
{[%clk 0:18:01]} Rf2+ {[%clk 0:25:54]} 45. Ke3 {[%clk 0:18:10]} Rf3+
{[%clk 0:26:18]} 46. Kd2 {[%clk 0:18:35]} Rf2+ {[%clk 0:26:44]} 1/2-1/2

[Event "1SM"]
[Site "Sharjah Chess Club"]
[Date "2017.03.26"]
[Round "4.6"]
[White "Kravtsiv, Martyn"]
[Black "Cholleti, Sahajasri"]
[Result "1-0"]
[BlackElo "2120"]
[WhiteElo "2641"]
[LiveChessVersion "1.4.8"]

1. e4 {[%clk 1:40:56]} c5 {[%clk 1:38:56]} 2. Nf3 {[%clk 1:41:16]} d6
{[%clk 1:38:49]} 3. Bb5+ {[%clk 1:41:32]} Nd7 {[%clk 1:38:38]} 4. O-O
{[%clk 1:41:21]} Ngf6 {[%clk 1:37:47]} 5. Re1 {[%clk 1:41:16]} a6
{[%clk 1:37:17]} 6. Bd3 {[%clk 1:40:05]} b6 {[%clk 1:36:50]} 7. c3
{[%clk 1:38:53]} Ne5 {[%clk 1:35:20]} 8. Bf1 {[%clk 1:36:13]} Bg4
{[%clk 1:17:13]} 9. d4 {[%clk 1:32:39]} Nxf3+ {[%clk 1:11:56]} 10. gxf3
{[%clk 1:32:59]} Bh5 {[%clk 1:11:31]} 11. dxc5 {[%clk 1:29:13]} dxc5
{[%clk 1:09:11]} 12. Qxd8+ {[%clk 1:28:24]} Kxd8 {[%clk 1:00:18]} 13. Nd2
{[%clk 1:26:06]} e6 {[%clk 0:51:58]} 14. Nc4 {[%clk 1:23:50]} Kc7
{[%clk 0:39:18]} 15. Bg2 {[%clk 1:11:11]} Rd8 {[%clk 0:32:44]} 16. a4
{[%clk 1:07:45]} Be7 {[%clk 0:31:20]} 17. Bf4+ {[%clk 0:56:24]} Kb7
{[%clk 0:31:27]} 18. Bg3 {[%clk 0:56:45]} b5 {[%clk 0:26:10]} 19. Na3
{[%clk 0:55:08]} Kb6 {[%clk 0:24:43]} 20. axb5 {[%clk 0:54:29]} axb5
{[%clk 0:24:18]} 21. c4 {[%clk 0:54:50]} b4 {[%clk 0:22:39]} 22. Nb5
{[%clk 0:53:26]} Rd7 {[%clk 0:22:24]} 23. e5 {[%clk 0:41:06]} Ne8
{[%clk 0:22:20]} 24. Ra8 {[%clk 0:41:25]} 1-0